[Event "Capablanca Memorial op 53rd"]
[Site "Havana"]
[Date "2018.05.13"]
[Round "5"]
[White "Lebredo Zaragoitia, Gerardo"]
[Black "Calvo Gutierrez, Luis Guillermo"]
[Result "1-0"]
[WhiteElo "2173"]
[BlackElo "1859"]
[PlyCount "49"]
[EventDate "2018.05.09"]
[EventType "swiss"]
[EventRounds "10"]
[EventCountry "CUB"]
[SourceTitle "EXT 2021"]
[Source "ChessBase"]
[SourceDate "2020.10.23"]
[SourceVersion "1"]
[SourceVersionDate "2020.10.23"]
[SourceQuality "1"]

1. d4 Nf6 2. c4 e6 3. Nf3 b6 4. g3 Bb7 5. Bg2 Be7 6. 0-0 0-0 7. Qc2 d5 8. cxd5 exd5 9. Nc3 Nbd7 10. Rd1 Rc8 11. Nb5 a6 12. Na7 Rb8 13. Nc6 Bxc6 14. Qxc6 Bd6 15. Bf4 Bxf4 16. gxf4 Re8 17. Ne5 Nf8 18. Rac1 Rc8 19. e3 Ng6 20. Nxg6 hxg6 21. Bh3 Ne4 22. Bxc8 Qxc8 23. f3 Re6 24. Qc2 Nd6 25. Re1 1-0

[Event "Capablanca Memorial op 53rd"]
[Site "Havana"]
[Date "2018.05.11"]
[Round "3"]
[White "Ojeda Lago, Ariadna"]
[Black "Calvo Gutierrez, Luis Guillermo"]
[Result "1-0"]
[WhiteElo "2103"]
[BlackElo "1859"]
[PlyCount "85"]
[EventDate "2018.05.09"]
[EventType "swiss"]
[EventRounds "10"]
[EventCountry "CUB"]
[SourceTitle "EXT 2019"]
[Source "ChessBase"]
[SourceDate "2018.10.10"]
[SourceVersion "1"]
[SourceVersionDate "2018.10.10"]
[SourceQuality "1"]

1. e4 c5 2. Nf3 e6 3. d4 cxd4 4. Nxd4 a6 5. Bd3 Qc7 6. 0-0 Nf6 7. Qe2 Nc6 8. Nxc6 bxc6 9. e5 Nd5 10. a3 Bc5 11. c4 Ne7 12. Bf4 Ng6 13. Bg3 0-0 14. Nd2 Rb8 15. Rab1 d5 16. b4 Be7 17. Rfc1 Qa7 18. Nb3 Bd8 19. c5 a5 20. Nd4 Bd7 21. Qe3 Be7 22. h4 Rfc8 23. h5 Nf8 24. Bf4 Qc7 25. b5 cxb5 26. c6 Bxa3 27. cxd7 Qxc1+ 28. Rxc1 Rxc1+ 29. Kh2 b4 30. h6 g6 31. Qg3 Rc3 32. d8Q Rxd8 33. Qg5 f6 34. exf6 Rd7 35. Bb5 Rb7 36. Bd6 Bc1 37. Bf4 Bb2 38. Be8 Rc4 39. f7+ Rxf7 40. Bxf7+ Kxf7 41. Bd6 Rc8 42. Qe7+ Kg8 43. Qg7# 1-0